[Event "Benedictine op 5th"]
[Site "Manchester"]
[Date "1982.09.15"]
[Round "8"]
[White "Pein, Malcolm"]
[Black "Popovych, Orest"]
[Result "0-1"]
[WhiteElo "2245"]
[BlackElo "2305"]
[PlyCount "126"]
[EventDate "1982.09.08"]
[EventType "swiss"]
[EventRounds "9"]
[EventCountry "ENG"]
[SourceTitle "Bulletin 1982"]

1. d4 Nf6 2. c4 c5 3. d5 b5 4. cxb5 a6 5. Nc3 axb5 6. e4 Qa5 7. Bd2 b4 8. e5
bxc3 9. Bxc3 Qa4 10. Qxa4 Rxa4 11. exf6 gxf6 12. Bb5 Rg4 13. Ne2 Bb7 14. O-O-O
Rxg2 15. Ng3 Rxf2 16. Rhe1 Bh6+ 17. Kb1 Kf8 18. Ne4 Rf5 19. Nxc5 Bxd5 20. Nxd7+
Nxd7 21. Bxd7 e6 22. Bb4+ Kg7 23. Rg1+ Rg5 24. a4 Rd8 25. Bb5 Be4+ 26. Ka2 Rxd1
27. Rxd1 Bd5+ 28. Ka3 Rg2 29. a5 Be3 30. a6 Rxh2 31. Bd6 Rc2 32. Ba4 Rc8 33.
Rd3 Bb6 34. Rg3+ Kh8 35. Be7 Bd4 36. Rd3 Be5 37. b4 Bc4 38. Rd7 Bxa6 39. b5
Rc3+ 40. Kb4 Bc8 41. Rd8+ Kg7 42. Bd6 Rc1 43. Bc5 Rb1+ 44. Kc4 Rc1+ 45. Kb4 Bb7
46. b6 Rb1+ 47. Ka3 f5 48. Bb3 Bc6 49. Rc8 Be4 50. Bf8+ Kf6 51. Re8 Bc3 52.
Be7+ Ke5 53. Rc8 Ra1+ 54. Ba2 Bd4 55. Bc5 Bd5 56. Bxd4+ Kxd4 57. Rc2 Kd3 58.
Rb2 f4 59. b7 Rxa2+ 60. Rxa2 Bxb7 61. Kb2 Bd5 62. Ra7 f3 63. Kc1 Ke2 {Source:
Bulletin 1982} 0-1

[Event "Benedictine op 5th"]
[Site "Manchester"]
[Date "1982.09.15"]
[Round "8"]
[White "Behrhorst, Frank"]
[Black "Hebden, Mark L"]
[Result "0-1"]
[WhiteElo "2250"]
[BlackElo "2415"]
[PlyCount "112"]
[EventDate "1982.09.08"]
[EventType "swiss"]
[EventRounds "9"]
[EventCountry "ENG"]
[SourceTitle "Bulletin 1982"]

1. d4 Nf6 2. c4 c5 3. d5 b5 4. a4 bxc4 5. Nc3 d6 6. e4 g6 7. Bxc4 Bg7 8. Nf3
O-O 9. Nd2 Na6 10. O-O Nb4 11. Be2 e6 12. Nc4 exd5 13. exd5 Re8 14. Bg5 h6 15.
Bh4 Bf5 16. Rc1 a6 17. Bg3 Bf8 18. Ne3 Bc8 19. Bf3 Nh7 20. Qd2 h5 21. Nc4 Ng5
22. Be2 Ne4 23. Nxe4 Rxe4 24. Bf3 Rd4 25. Qe3 Bf5 26. Rfd1 Nd3 27. Rc3 h4 28.
Bxd6 Bxd6 29. Nxd6 Qxd6 30. Rcxd3 Bxd3 31. Rxd3 Rxd3 32. Qxd3 Re8 33. Qc3 Qe5
34. Qxe5 Rxe5 35. Kf1 Kf8 36. b3 a5 37. g3 hxg3 38. hxg3 Ke7 39. g4 Kd6 40. Be2
f6 41. Bc4 Re4 42. f3 Rd4 43. Kf2 Ke5 44. Ke3 g5 45. Kf2 Kf4 46. Ke2 Kg3 47.
Ke3 Kg2 48. Ke2 Kh3 49. Kf2 Kh2 50. Ke2 Kg2 51. Ke3 Kg3 52. Ke2 Kf4 53. Kf2
Rd2+ 54. Ke1 Ke3 55. Kf1 Kxf3 56. Ke1 Ke3 {Source: Bulletin 1982} 0-1

[Event "Benedictine op 5th"]
[Site "Manchester"]
[Date "1982.09.15"]
[Round "8"]
[White "Short, Nigel David"]
[Black "Kudrin, Sergey"]
[Result "1-0"]
[WhiteElo "2485"]
[BlackElo "2480"]
[PlyCount "107"]
[EventDate "1982.09.08"]
[EventType "swiss"]
[EventRounds "9"]
[EventCountry "ENG"]
[SourceTitle "Bulletin 1982"]

1. e4 c5 2. Nf3 d6 3. d4 cxd4 4. Nxd4 Nf6 5. Nc3 g6 6. g3 Nc6 7. Nde2 Bg7 8.
Bg2 O-O 9. O-O Bd7 10. h3 Rc8 11. a4 Qb6 12. Be3 Qa5 13. Nd5 Qa6 14. c3 Nxd5
15. exd5 Ne5 16. Bd4 Qd3 17. Nf4 Qxd1 18. Rfxd1 Nc4 19. Bxg7 Kxg7 20. Nd3 Bf5
21. Ra2 Rc7 22. a5 Bxd3 23. Rxd3 Rc5 24. Rd4 Rfc8 25. h4 Ne5 26. f4 Ng4 27. Bf3
h5 28. Bxg4 hxg4 29. Ra3 R8c7 30. Kf2 Kf6 31. Ke3 e6 32. dxe6 Kxe6 33. Kd3 d5
34. Ra1 Kd6 35. f5 gxf5 36. Rf4 Ke6 37. a6 Rc4 38. Rf2 f4 39. gxf4 Kf5 40. Ra5
Rxf4 41. Rxd5+ Ke6 42. Rxf4 Kxd5 43. Rxg4 bxa6 44. h5 Rb7 45. b4 Rb6 46. Rg5+
Ke6 47. h6 Ke7 48. Rh5 Rb8 49. Ra5 Kf8 50. Rxa6 Rb7 51. Kc4 Rc7+ 52. Kb3 Kg8
53. c4 Kh7 54. Rf6 {Source: Bulletin 1982} 1-0

[Event "Benedictine op 5th"]
[Site "Manchester"]
[Date "1982.09.15"]
[Round "8"]
[White "Flear, Glenn C"]
[Black "McNab, Colin Anderson"]
[Result "1-0"]
[WhiteElo "2365"]
[BlackElo "2360"]
[PlyCount "99"]
[EventDate "1982.09.08"]
[EventType "swiss"]
[EventRounds "9"]
[EventCountry "ENG"]
[SourceTitle "Bulletin 1982"]

1. d4 d6 2. Nf3 g6 3. c4 Bg7 4. Nc3 Nd7 5. e4 e5 6. Be2 Ngf6 7. O-O O-O 8. Re1
c6 9. Bf1 a5 10. Rb1 Qe7 11. b3 exd4 12. Nxd4 Ng4 13. Qxg4 Bxd4 14. Bb2 Qf6 15.
Qg3 Be5 16. Qe3 Nc5 17. Ba1 Re8 18. Rbd1 g5 19. g3 Bg4 20. Be2 Bxe2 21. Rxe2
Ne6 22. Red2 Rad8 23. Bb2 g4 24. h4 h6 25. Kg2 Kh7 26. a3 Nc5 27. b4 axb4 28.
axb4 Bxc3 29. Bxc3 Qf3+ 30. Qxf3 gxf3+ 31. Kxf3 Nxe4 32. Rd3 f5 33. Bd2 Ra8 34.
Bf4 Ra2 35. Rxd6 Rxf2+ 36. Ke3 Nxd6+ 37. Kxf2 Nxc4 38. Rd7+ Kg6 39. Rxb7 Ne5
40. Bxe5 Rxe5 41. Rb6 Re4 42. Rxc6+ Kh5 43. b5 Rb4 44. b6 f4 45. gxf4 Rxf4+ 46.
Ke3 Rf7 47. Kd3 Rd7+ 48. Kc3 Rb7 49. Kb4 Rh7 50. Rc4 {Source: Bulletin 1982}
1-0

[Event "Benedictine op 5th"]
[Site "Manchester"]
[Date "1982.09.15"]
[Round "8"]
[White "Banks, S Thomas"]
[Black "Knox, Victor W"]
[Result "0-1"]
[WhiteElo "2220"]
[BlackElo "2305"]
[PlyCount "84"]
[EventDate "1982.09.08"]
[EventType "swiss"]
[EventRounds "9"]
[EventCountry "ENG"]
[SourceTitle "Bulletin 1982"]

1. g3 e5 2. Bg2 d5 3. d3 Nf6 4. c3 a5 5. Qc2 c6 6. e4 dxe4 7. dxe4 Bc5 8. Nf3
Qe7 9. O-O O-O 10. Nbd2 b5 11. b3 Rd8 12. Bb2 Nbd7 13. Rad1 Nf8 14. Ne1 Bg4 15.
Bf3 Bxf3 16. Nexf3 Ng6 17. Kg2 Rd6 18. Nb1 Rad8 19. Rxd6 Qxd6 20. Re1 Ng4 21.
Re2 Bxf2 22. Bc1 Bb6 23. h3 Nf6 24. Bg5 Qd3 25. Rd2 Qxc2 26. Rxc2 Bc5 27. Bxf6
gxf6 28. a4 Ne7 29. axb5 cxb5 30. Nbd2 Rd3 31. Nf1 Kf8 32. N1h2 a4 33. bxa4
bxa4 34. h4 Nc8 35. Ng4 Ke7 36. Nf2 Rd7 37. Nd2 Nd6 38. Nd3 Be3 39. Kf3 Bxd2
40. Rxd2 Nc4 41. Rd1 a3 42. Ke2 Nb2 {Source: Bulletin 1982} 0-1

[Event "Benedictine op 5th"]
[Site "Manchester"]
[Date "1982.09.15"]
[Round "8"]
[White "Thipsay, Praveen Mahadeo"]
[Black "Prie, Eric"]
[Result "1-0"]
[WhiteElo "2430"]
[BlackElo "2205"]
[PlyCount "83"]
[EventDate "1982.09.08"]
[EventType "swiss"]
[EventRounds "9"]
[EventCountry "ENG"]
[SourceTitle "Bulletin 1982"]

1. e4 e6 2. d4 d5 3. Nd2 Nc6 4. Ngf3 Nf6 5. e5 Nd7 6. Be2 f6 7. exf6 Nxf6 8.
O-O Bd6 9. Re1 O-O 10. Bb5 Qe8 11. c3 Bd7 12. Nf1 h6 13. Bd3 Qf7 14. Qc2 Ne7
15. Ne5 Bxe5 16. Rxe5 b6 17. Re1 c5 18. Be3 Ng4 19. dxc5 Nxe3 20. Nxe3 bxc5 21.
Ng4 Nc6 22. Ne5 Nxe5 23. Rxe5 Qe7 24. Rae1 Qd6 25. Qd2 Rf6 26. c4 Kf8 27. Qe3
Rb8 28. b3 a5 29. Bc2 a4 30. Qd3 axb3 31. axb3 d4 32. Qh7 Be8 33. Qh8+ Ke7 34.
Qxg7+ Bf7 35. Qh7 Rd8 36. Qd3 Bg6 37. Qd2 d3 38. Bd1 Qd4 39. Bf3 Rb8 40. Qa5
Rxb3 41. Rd5 Qf4 42. Qd8+ {Source: Bulletin 1982} 1-0

[Event "Benedictine op 5th"]
[Site "Manchester"]
[Date "1982.09.15"]
[Round "8"]
[White "Miles, Anthony J"]
[Black "Horner, Jeff"]
[Result "1-0"]
[WhiteElo "2565"]
[BlackElo "2360"]
[PlyCount "81"]
[EventDate "1982.09.08"]
[EventType "swiss"]
[EventRounds "9"]
[EventCountry "ENG"]
[SourceTitle "Bulletin 1982"]

1. d4 d5 2. c4 dxc4 3. Nf3 Nf6 4. Nc3 Bf5 5. e3 e6 6. Bxc4 Nbd7 7. O-O Be7 8.
Qe2 Nb6 9. Bb3 O-O 10. e4 Bg4 11. Rd1 c6 12. h3 Bh5 13. g4 Bg6 14. Ne5 Qc8 15.
h4 h5 16. g5 Ne8 17. a4 Nc7 18. Bf4 Nd7 19. Nxg6 fxg6 20. Bg3 Kh7 21. d5 Bc5
22. e5 cxd5 23. Bc2 Rh8 24. Rac1 Qf8 25. Qxh5+ Kg8 26. Qg4 Nxe5 27. Qe2 Nf3+
28. Kf1 Re8 29. Bxg6 Nxh4 30. Bh5 Nf5 31. Bxc7 Ne3+ 32. Ke1 Ng2+ 33. Kd2 Rxh5
34. Qxh5 Qxf2+ 35. Qe2 Be3+ 36. Kc2 Qf5+ 37. Kb3 Bxc1 38. Rxc1 Rc8 39. Rf1 Qg6
40. Rf6 gxf6 41. Qxe6+ {Source: Bulletin 1982} 1-0

[Event "Benedictine op 5th"]
[Site "Manchester"]
[Date "1982.09.15"]
[Round "8"]
[White "Ravikumar, Vaidyanathan"]
[Black "Sznapik, Aleksander"]
[Result "0-1"]
[WhiteElo "2395"]
[BlackElo "2480"]
[PlyCount "80"]
[EventDate "1982.09.08"]
[EventType "swiss"]
[EventRounds "9"]
[EventCountry "ENG"]
[SourceTitle "Bulletin 1982"]

1. d4 Nf6 2. Nf3 g6 3. Bf4 Bg7 4. e3 d6 5. h3 O-O 6. Be2 b6 7. O-O Bb7 8. c3
Nbd7 9. a4 a6 10. Bh2 Qe8 11. Nbd2 e5 12. b4 Qe7 13. Nb3 Ne4 14. Rc1 f5 15. a5
g5 16. dxe5 g4 17. exd6 cxd6 18. Nfd4 gxh3 19. g3 b5 20. Nd2 Rae8 21. Nxe4 fxe4
22. c4 bxc4 23. Bxc4+ d5 24. Be2 Ne5 25. b5 axb5 26. Bxb5 Ra8 27. Nc6 Bxc6 28.
Bxc6 Nf3+ 29. Kh1 Rxa5 30. Bxd5+ Kh8 31. Bc6 Ra2 32. Qd5 Rb2 33. Rcd1 Qf6 34.
Qd6 Nd2 35. Qxf6 Rxf6 36. Bd5 Nxf1 37. Rxf1 Rbxf2 38. Rxf2 Rxf2 39. Bxe4 Be5
40. Bg1 Rf1 {Source: Bulletin 1982} 0-1

[Event "Benedictine op 5th"]
[Site "Manchester"]
[Date "1982.09.15"]
[Round "8"]
[White "Jackson, Oliver A"]
[Black "Casa, Alex"]
[Result "0-1"]
[WhiteElo "2200"]
[BlackElo "2230"]
[PlyCount "66"]
[EventDate "1982.09.08"]
[EventType "swiss"]
[EventRounds "9"]
[EventCountry "ENG"]
[SourceTitle "Bulletin 1982"]

1. e4 e5 2. f4 d5 3. exd5 e4 4. Nc3 Nf6 5. d3 Bb4 6. Bd2 e3 7. Bxe3 O-O 8. Be2
Re8 9. Bd2 Bxc3 10. bxc3 Nxd5 11. Nf3 Qf6 12. O-O Nxc3 13. Bxc3 Qxc3 14. Kh1
Nc6 15. Rb1 Nb4 16. Ne5 Nd5 17. Bh5 g6 18. Rf3 Qd4 19. Qd2 Nf6 20. c3 Qd8 21.
Nxf7 Kxf7 22. Bxg6+ hxg6 23. f5 Bxf5 24. Rbf1 Kg7 25. Rxf5 gxf5 26. Qg5+ Kf7
27. Qxf5 Re6 28. Qh7+ Ke8 29. Qg7 Qe7 30. Qh8+ Kd7 31. Qxa8 Re1 32. Rg1 Rxg1+
33. Kxg1 Qe1# {Source: Bulletin 1982} 0-1

[Event "Benedictine op 5th"]
[Site "Manchester"]
[Date "1982.09.15"]
[Round "8"]
[White "Fehrig, Andreas"]
[Black "King, Daniel J"]
[Result "0-1"]
[WhiteElo "2255"]
[BlackElo "2430"]
[PlyCount "50"]
[EventDate "1982.09.08"]
[EventType "swiss"]
[EventRounds "9"]
[EventCountry "ENG"]
[SourceTitle "Bulletin 1982"]

1. e4 c5 2. Nf3 Nc6 3. Bb5 g6 4. O-O Bg7 5. c3 Nf6 6. Re1 O-O 7. d4 cxd4 8.
cxd4 d5 9. e5 Ne4 10. Nc3 Nxc3 11. bxc3 Bd7 12. Qe2 Na5 13. Bxd7 Qxd7 14. e6
fxe6 15. Qxe6+ Qxe6 16. Rxe6 Bf6 17. Ne5 Rfc8 18. g3 Rxc3 19. Bd2 Ra3 20. Bb4
Ra4 21. Rb1 Bxe5 22. Bxa5 Bxd4 23. Bb4 Rxa2 24. Bxe7 Rxf2 25. Kh1 Rc8 {Source:
Bulletin 1982} 0-1

[Event "Benedictine op 5th"]
[Site "Manchester"]
[Date "1982.09.16"]
[Round "9"]
[White "Miles, Anthony J"]
[Black "Short, Nigel David"]
[Result "1-0"]
[WhiteElo "2565"]
[BlackElo "2485"]
[PlyCount "123"]
[EventDate "1982.09.08"]
[EventType "swiss"]
[EventRounds "9"]
[EventCountry "ENG"]
[SourceTitle "Bulletin 1982"]

1. d4 Nf6 2. c4 e6 3. Nf3 Bb4+ 4. Nbd2 O-O 5. e3 d6 6. Be2 Nbd7 7. O-O Bxd2 8.
Nxd2 e5 9. b3 exd4 10. exd4 d5 11. Bf3 Re8 12. cxd5 Nb6 13. d6 Qxd6 14. Nc4 Qe6
15. Nxb6 axb6 16. d5 Qe5 17. Be3 Rd8 18. Bd4 Qd6 19. Bxf6 gxf6 20. Qc2 Bd7 21.
Rfd1 Re8 22. Rac1 Rac8 23. Be4 Kg7 24. Bf5 Rcd8 25. g3 Bxf5 26. Qxf5 Re5 27.
Qg4+ Rg5 28. Qf3 Re8 29. Rc4 Ree5 30. h4 Ref5 31. Qe2 Rxd5 32. Rdc1 Rd2 33. Qf3
Rd3 34. Qxd3 Qxd3 35. hxg5 fxg5 36. Rxc7 Qd2 37. R1c2 Qd1+ 38. Kh2 h5 39. a4
Kg6 40. R7c4 h4 41. gxh4 gxh4 42. R2c3 Kg5 43. Rh3 Qd6+ 44. Kg1 Qd1+ 45. Kg2
Qd5+ 46. Rf3 h3+ 47. Kg3 f5 48. Rcc3 Qd1 49. Kh2 f4 50. Rxh3 Qf1 51. Rhf3 Kg4
52. Rcd3 b5 53. axb5 b6 54. Rc3 Qxb5 55. Rfd3 Qe5 56. f3+ Kh4 57. Rc2 Qf5 58.
Rcd2 Qh3+ 59. Kg1 Kg3 60. Rf2 b5 61. Rd8 Qh7 62. Rg8+ {Source: Bulletin 1982 &
BCM, Nov 1982, p486} 1-0

[Event "Benedictine op 5th"]
[Site "Manchester"]
[Date "1982.09.16"]
[Round "9"]
[White "Smith, Alan A"]
[Black "Pytel, Krzysztof"]
[Result "1-0"]
[WhiteElo "2245"]
[BlackElo "2405"]
[PlyCount "101"]
[EventDate "1982.09.08"]
[EventType "swiss"]
[EventRounds "9"]
[EventCountry "ENG"]
[SourceTitle "Bulletin 1982"]

1. c4 Nf6 2. Nc3 g6 3. e4 d6 4. d4 Bg7 5. f4 O-O 6. Nf3 c5 7. d5 a6 8. a4 e6 9.
dxe6 fxe6 10. Bd3 Nc6 11. O-O Ne8 12. Kh1 Nd4 13. Bd2 Bd7 14. Nxd4 cxd4 15. Ne2
Bc6 16. Ng3 Qh4 17. Qf3 Nf6 18. Be2 Nd7 19. Qa3 Nc5 20. Bf3 e5 21. b4 exf4 22.
Ne2 Nxe4 23. Be1 Qe7 24. Rd1 Nc3 25. Nxc3 dxc3 26. Bxc3 Bxf3 27. Rxf3 Qe2 28.
Rc1 Rae8 29. Bxg7 Kxg7 30. Qc3+ Qe5 31. Qd3 Rf6 32. h3 Qb2 33. Rb1 Qe2 34. Qd4
Re4 35. Qd5 Rxc4 36. Qxb7+ Rf7 37. Qb6 Qe4 38. Rbf1 Rxb4 39. Qxa6 d5 40. a5 Ra4
41. Qd6 g5 42. Rc1 Qd4 43. Qd8 h6 44. Kh2 Rc4 45. Rb1 Qf6 46. Qxd5 Rd4 47. Qc5
Qd6 48. Qc3 Rc7 49. Qa1 Kh7 50. Rb8 Rc1 51. Rb7+ {Source: Bulletin 1982} 1-0

[Event "Benedictine op 5th"]
[Site "Manchester"]
[Date "1982.09.16"]
[Round "9"]
[White "Parameswaran, Tiruchi N"]
[Black "Upton, Timothy J"]
[Result "1-0"]
[WhiteElo "2390"]
[BlackElo "2295"]
[PlyCount "87"]
[EventDate "1982.09.08"]
[EventType "swiss"]
[EventRounds "9"]
[EventCountry "ENG"]
[SourceTitle "Bulletin 1982"]

1. d4 d5 2. c4 e6 3. Nf3 Nf6 4. g3 Be7 5. Bg2 O-O 6. O-O dxc4 7. Qc2 a6 8. a4
Bd7 9. Ne5 Bc6 10. Nxc6 Nxc6 11. e3 Na5 12. Nd2 c5 13. Nxc4 cxd4 14. Nxa5 Qxa5
15. exd4 Rfd8 16. Bxb7 Rab8 17. Bg2 Rxd4 18. Bf4 e5 19. Qf5 Nd7 20. Be3 Rd6 21.
Rfd1 Rxd1+ 22. Rxd1 Nf6 23. Qc2 h6 24. Ba7 Re8 25. Qc6 Bf8 26. Bd5 Qb4 27. b3
a5 28. Bc4 h5 29. Bb6 Rb8 30. Be3 h4 31. Qc7 Rb7 32. Bxf7+ Kh8 33. Qc4 hxg3 34.
hxg3 Ng4 35. Bd2 Qxc4 36. Bxc4 Bc5 37. Be1 Bd4 38. Be6 Nf6 39. Bxa5 Re7 40. Bc4
Ng4 41. Kg2 g6 42. Be2 Nf6 43. Bd8 Rf7 44. Bc4 {Source: Bulletin 1982} 1-0

[Event "Benedictine op 5th"]
[Site "Manchester"]
[Date "1982.09.16"]
[Round "9"]
[White "Sznapik, Aleksander"]
[Black "Pein, Malcolm"]
[Result "1-0"]
[WhiteElo "2480"]
[BlackElo "2245"]
[PlyCount "83"]
[EventDate "1982.09.08"]
[EventType "swiss"]
[EventRounds "9"]
[EventCountry "ENG"]
[SourceTitle "StarBase 2.74"]
[Source "Pickard & Son"]
[SourceDate "2001.12.15"]
[SourceVersion "1"]
[SourceVersionDate "2001.12.15"]
[SourceQuality "2"]

1. e4 d6 2. d4 Nf6 3. Nc3 g6 4. f4 Bg7 5. Nf3 c5 6. dxc5 Qa5 7. Bd3 Qxc5 8. Qe2
Bg4 9. Be3 Qa5 10. O-O Nc6 11. Qf2 Bxf3 12. Qxf3 O-O 13. Kh1 Rac8 14. a3 Nd7
15. Qh3 Bxc3 16. bxc3 Nc5 17. Bd2 Qa4 18. Rae1 Nxd3 19. cxd3 Qxa3 20. f5 Qb2
21. Bg5 f6 22. Bh6 Qxc3 23. fxg6 hxg6 24. Rb1 Rfe8 25. Qe6+ Kh7 26. Bg5 Qxd3
27. Qf7+ Kh8 28. Bxf6+ exf6 29. Qxf6+ Kh7 30. Rxb7+ Re7 31. Rxe7+ Nxe7 32.
Qxe7+ Kh6 33. Qh4+ Kg7 34. Qf6+ Kh6 35. Qf4+ Kg7 36. h4 Re8 37. Qf6+ Kh7 38.
Rc1 Qe3 39. Rc7+ Kh6 40. Qg7+ Kh5 41. Qh7+ Qh6 42. g4+ {Source: StarBase 2.74}
1-0

[Event "Benedictine op 5th"]
[Site "Manchester"]
[Date "1982.09.16"]
[Round "9"]
[White "Kudrin, Sergey"]
[Black "Thipsay, Praveen Mahadeo"]
[Result "1-0"]
[WhiteElo "2480"]
[BlackElo "2430"]
[PlyCount "77"]
[EventDate "1982.09.08"]
[EventType "swiss"]
[EventRounds "9"]
[EventCountry "ENG"]
[SourceTitle "Bulletin 1982"]

1. e4 e5 2. Nf3 Nc6 3. Bc4 Nf6 4. d3 Bc5 5. c3 d6 6. O-O O-O 7. Nbd2 Bb6 8. h3
Qe7 9. Re1 Be6 10. Bb5 Nd7 11. Nc4 Nd8 12. d4 f6 13. d5 Bf7 14. Nh4 Bg6 15. Qg4
Rf7 16. Nxb6 Nxb6 17. Nxg6 hxg6 18. Qxg6 c6 19. Bd3 Qd7 20. c4 Nc8 21. f4 Ne7
22. Qg3 Rf8 23. Be3 c5 24. Rf1 Qc7 25. fxe5 dxe5 26. Rf2 Kf7 27. Raf1 Rh8 28.
Be2 b6 29. Bg4 Qd6 30. h4 a5 31. h5 Ng8 32. Be6+ Nxe6 33. Qg6+ Kf8 34. h6 Nxh6
35. Rxf6+ Kg8 36. dxe6 Qd3 37. R6f3 Qd6 38. Rf7 Rh7 39. Rd7 {Source: Bulletin
1982} 1-0

[Event "Benedictine op 5th"]
[Site "Manchester"]
[Date "1982.09.16"]
[Round "9"]
[White "McNab, Colin Anderson"]
[Black "Lee, Graham D"]
[Result "1-0"]
[WhiteElo "2360"]
[BlackElo "2310"]
[PlyCount "73"]
[EventDate "1982.09.08"]
[EventType "swiss"]
[EventRounds "9"]
[EventCountry "ENG"]
[SourceTitle "Bulletin 1982"]

1. g3 e5 2. Bg2 d5 3. d3 Nc6 4. Nf3 Nf6 5. O-O Be7 6. Bg5 Be6 7. Nc3 Qd7 8. a3
d4 9. Bxf6 Bxf6 10. Ne4 Be7 11. c3 Bh3 12. cxd4 Bxg2 13. Kxg2 exd4 14. Rc1 O-O
15. b4 a6 16. Qb3 Rfe8 17. Rc2 Bf8 18. Rfc1 h6 19. Qb2 Re6 20. Rc4 Rd8 21. a4
f5 22. Nc5 Bxc5 23. Rxc5 b6 24. Rxf5 Rde8 25. Rc2 g5 26. Qb3 Kh8 27. b5 axb5
28. axb5 Na5 29. Qd5 Rd6 30. Qf7 Qxf7 31. Rxf7 c5 32. bxc6 Nxc6 33. Rb2 g4 34.
Nh4 Ne7 35. Rf4 h5 36. Re4 Kg8 37. Nf5 {Source: Bulletin 1982} 1-0

[Event "Benedictine op 5th"]
[Site "Manchester"]
[Date "1982.09.16"]
[Round "9"]
[White "King, Daniel J"]
[Black "Behrhorst, Frank"]
[Result "1-0"]
[WhiteElo "2430"]
[BlackElo "2250"]
[PlyCount "53"]
[EventDate "1982.09.08"]
[EventType "swiss"]
[EventRounds "9"]
[EventCountry "ENG"]
[SourceTitle "Bulletin 1982"]

1. e4 c5 2. Nf3 d6 3. Bb5+ Bd7 4. Bxd7+ Nxd7 5. O-O Ngf6 6. Qe2 e6 7. c3 Be7 8.
d4 cxd4 9. cxd4 d5 10. e5 Ne4 11. Ne1 h6 12. f3 Ng5 13. Nc3 g6 14. Nd3 Qb6 15.
Be3 Nb8 16. f4 Nh7 17. b4 Nc6 18. Rab1 Rc8 19. Nc5 Qc7 20. Rfc1 O-O 21. Nb5 Qd8
22. Nxb7 Qb6 23. Nc5 Rfd8 24. Nc3 Nf8 25. N3a4 Qb8 26. Qa6 Nxb4 27. Qe2 {
Source: Bulletin 1982} 1-0

[Event "Benedictine op 5th"]
[Site "Manchester"]
[Date "1982.09.16"]
[Round "9"]
[White "Horner, Jeff"]
[Black "Van Mil, Johannes A J"]
[Result "1-0"]
[WhiteElo "2360"]
[BlackElo "2315"]
[PlyCount "41"]
[EventDate "1982.09.08"]
[EventType "swiss"]
[EventRounds "9"]
[EventCountry "ENG"]
[SourceTitle "Bulletin 1982"]

1. e4 c5 2. Nf3 d6 3. c3 Nf6 4. Bd3 g6 5. Bc2 Bg7 6. O-O O-O 7. h3 Nc6 8. Re1
b5 9. d4 Qc7 10. Bg5 h6 11. Be3 Na5 12. Nbd2 Rb8 13. b3 b4 14. cxb4 cxd4 15.
Nxd4 Rxb4 16. a3 Rb8 17. Rc1 Bd7 18. b4 Nc4 19. Nxc4 Qxc4 20. Bd3 Qa2 21. Ra1 {
Source: Bulletin 1982} 1-0

[Event "Benedictine op 5th"]
[Site "Manchester"]
[Date "1982.09.16"]
[Round "9"]
[White "Prie, Eric"]
[Black "Flesch, Janos"]
[Result "1-0"]
[WhiteElo "2205"]
[BlackElo "2410"]
[PlyCount "35"]
[EventDate "1982.09.08"]
[EventType "swiss"]
[EventRounds "9"]
[EventCountry "ENG"]
[SourceTitle "Bulletin 1982"]

1. Nf3 Nf6 2. c4 g6 3. Nc3 Bg7 4. e4 d6 5. d4 O-O 6. Be2 Bg4 7. Be3 Nfd7 8. Ng1
Bxe2 9. Ngxe2 a6 10. Qd2 c5 11. dxc5 Nxc5 12. O-O Nc6 13. Bh6 Bxh6 14. Qxh6 b5
15. cxb5 axb5 16. Ng3 b4 17. Nd5 e6 18. Nh5 {Source: Bulletin 1982} 1-0